| Tag |
First Indicator |
Second Indicator |
Subfields |
| LEADER |
00000pam a2200000 a 4500 |
| 001 |
in00000098653 |
| 005 |
20150924085922.0 |
| 008 |
810826s1982 pauaf b 00110 eng |
| 010 |
|
|
|a 81014742
|
| 020 |
|
|
|a 0664213847
|
| 020 |
|
|
|a 0664244300 (pbk.)
|
| 035 |
|
|
|a (OCoLC)07795270
|
| 035 |
|
|
|9 AAK9761AM
|
| 039 |
0 |
|
|a 2
|b 3
|c 3
|d 3
|e 3
|
| 040 |
|
|
|a DLC
|c DLC
|d TXA
|d UtOrBLW
|
| 041 |
1 |
|
|a eng
|h heb
|
| 043 |
|
|
|a a-is---
|
| 049 |
|
|
|a TXAM
|c [388861]
|
| 050 |
0 |
0 |
|a DS111
|b A3913 1982
|
| 082 |
0 |
|
|a 933
|2 19
|
| 100 |
1 |
|
|a Aharoni, Yohanan,
|d 1919-1976.
|
| 240 |
1 |
0 |
|a Arkheʼologyah shel Erets Yiśraʼel.
|l English
|
| 245 |
1 |
4 |
|a The archaeology of the land of Israel :
|b from the prehistoric beginnings to the end of the First Temple period /
|c by Yohanan Aharoni ; edited by Miriam Aharoni ; translated by Anson F. Rainey.
|
| 264 |
|
1 |
|a Philadelphia :
|b Westminster Press,
|c [1982]
|
| 264 |
|
4 |
|c ©1982
|
| 300 |
|
|
|a xvii, 344 pages, 32 unnumbered pages of plates :
|b illustrations ;
|c 23 cm.
|
| 336 |
|
|
|a text
|b txt
|2 rdacontent
|
| 337 |
|
|
|a unmediated
|b n
|2 rdamedia
|
| 338 |
|
|
|a volume
|b nc
|2 rdacarrier
|
| 500 |
|
|
|a Translation of: Arkheologyah shel Erets Yisrael.
|
| 500 |
|
|
|a Includes index.
|
| 504 |
|
|
|a Bibliography: pages 297-300.
|
| 650 |
|
0 |
|a Excavations (Archaeology)
|z Palestine.
|
| 651 |
|
0 |
|a Palestine
|x Antiquities.
|
| 700 |
1 |
|
|a Aharoni, Miriam.
|
| 999 |
|
|
|a MARS
|
| 999 |
f |
f |
|s 542c23bc-0f94-3ea6-b748-4bf65ca957a0
|i 23dfc411-af6e-3d40-abc3-ff5074454b23
|t 0
|
| 952 |
f |
f |
|p ric
|a Texas A&M University
|b Rellis Campus
|c Joint Library Facility
|d Remote Storage
|t 0
|e DS111 A3913 1982
|h Library of Congress classification
|i unmediated -- volume
|m A14806033723
|
| 998 |
f |
f |
|a DS111 A3913 1982
|t 0
|l Remote Storage
|